Library Banner

قاءمۃ مختارۃ/ (Record no. 93189)

MARC details
000 -LEADER
fixed length control field 00473nam a22001697a 4500
005 - DATE AND TIME OF LATEST TRANSACTION
control field 20170505094736.0
008 - FIXED-LENGTH DATA ELEMENTS--GENERAL INFORMATION
fixed length control field 170505b xxu||||| |||| 00| 0 eng d
020 ## - INTERNATIONAL STANDARD BOOK NUMBER
International Standard Book Number 1565640381
040 ## - CATALOGING SOURCE
Transcribing agency PK-LaUMT
082 ## - DEWEY DECIMAL CLASSIFICATION NUMBER
Classification number ZIAC 297.016
Item number MUH-Q
100 ## - MAIN ENTRY--PERSONAL NAME
Personal name محیی الدین عطیۃ
245 ## - TITLE STATEMENT
Title قاءمۃ مختارۃ/
Statement of responsibility, etc محیی الدین عطیۃ
260 ## - PUBLICATION, DISTRIBUTION, ETC. (IMPRINT)
Place of publication, distribution, etc بیروت:
Name of publisher, distributor, etc المعھد العالمی،
Date of publication, distribution, etc 1992
300 ## - PHYSICAL DESCRIPTION
Extent 111 ص
546 ## - LANGUAGE NOTE
Language note عربی
942 ## - ADDED ENTRY ELEMENTS (KOHA)
Koha item type Books
Holdings
Withdrawn status Lost status Damaged status Home library Current library Date acquired Full call number Barcode Date last seen Price effective from Koha item type
      UMT Main Campus UMT Main Campus 2017-05-05 ZIAC 297.016 MUH-Q 108373 2017-05-05 2017-05-05 Books